Harry Potter Characters from Creative Descriptions Quiz Stats

 Plays Quiz not verified by Sporcle

Challenge
Share
Tweet
Embed
Score 0/33 Timer 20:00
0 Plays Today
Description Name % Correct
It was never all about the booksHermione Grager
94.7%
It takes a village to create a heroHarry Potter
90.9%
As far as he'll run, he'll always come backRon Weasley
88.6%
He didn't have a real soul to splitVoldemort
87.8%
An elf who was born to wear clothesDobby
80.8%
Didn't realize he was more than the full moonRemus Lupin
80.6%
He'll always be laughing beyond the veilSirius Black
79.5%
She saw past his scarGinny Weasley
78.6%
Not quite as his pure as his bloodDraco Malfoy
77.7%
When the time came, he deserved to hold gryffindor's swordNeville Longbottom
77.7%
More loyal to her son than her masterNarcissa Malfoy
74.2%
She was never simply a stern lookMinerva Mcgonagall
73.5%
Fought and loved until she crumpled to the floorLily Potter
72.4%
Not the typical housewifeMolly Weasley
71.3%
Even the best can't always be constantly vigilantMad-eye Moody
71%
His coal black eyes are always warmRubeus Hagrid
66.6%
Only as good as his other halfGeorge Weasley
66.6%
Description Name % Correct
He could have declined sharing the cupCedric Diggory
65.5%
She's as cruel as she is inflatedAunt Marge
61.7%
Would a Hogwarts letter have been enough?Petunia Dursley
60.1%
A smile will forever play upon his lipsFred Weasley
59.5%
Mistakes don't have to define a manAlbus Dumbledore
57.2%
Just as fragile as a swanCho Chang
53.9%
It wasn't just because they couldn't find an empty compartmentLuna Lovegood
53.7%
One word can ruin a lifeSeverus Snape
49%
A true chaser, through and throughJames Potter
48.8%
Will do anything to uncover her version of the truthRita Skeeter
48.6%
Sometimes a wink and a smile doesn't cut itGilderoy Lockhart
40.1%
I'd do anything, for you dear, anythingBellatrix Lestrange
26.9%
Basked in other people's glory, didn't have any himselfHorace Slughorn
21.2%
Best part of having big feet is stepping on antsLucius Malfoy
18.3%
Missed the spotlight by 'that much'Peter Pettigrew
16.5%
It's the thought that countsRegulus Black
3.3%

You're not logged in!

Compare scores with friends on all Sporcle quizzes.
OR
Log In

You Might Also Like...

Show Comments

Extras

Created Mar 22, 2011ReportNominate
Tags:Harry Potter Quiz

Top Quizzes Today


Score Distribution

Your Account Isn't Verified!

In order to create a playlist on Sporcle, you need to verify the email address you used during registration. Go to your Sporcle Settings to finish the process.

Report this User

Report this user for behavior that violates our Community Guidelines.

Details: